MARC

LEADER 00000nam0a2200000 4500
001 287717
005 20231102000021.0
035 |a (RuTPU)RU\TPU\book\312145 
090 |a 287717 
100 |a 20150318d1962 k y0rusy50 ca 
101 0 |a rus 
102 |a RU 
105 |a a z 001zy 
200 1 |a Агролесомелиоративные метоприятия, весенний сток и эрозия почв  |f И. А. Кузник 
210 |a Ленинград  |c Гидрометеоиздат  |d 1962 
215 |a 220 с.  |c ил. 
320 |a Библиогр.: с. 212-219. 
606 1 |a Мелиоративная гидрогеология  |2 stltpush  |3 (RuTPU)RU\TPU\subj\42031  |9 61791 
606 1 |a Почвы  |x Эрозия  |2 stltpush  |3 (RuTPU)RU\TPU\subj\51027  |9 69639 
610 1 |a агромелиорация 
610 1 |a лесоустройство 
610 1 |a весенний сток 
610 1 |a гидромелиоративное строительство 
610 1 |a влияние 
610 1 |a увлажненность 
610 1 |a снегонакопление 
610 1 |a снегозапасы 
610 1 |a твердый сток 
610 1 |a склоновая эрозия 
675 |a 556.3  |v 3 
675 |a 631.4  |v 3 
700 1 |a Кузник  |b И. А.  |g Илья Абрамович 
801 1 |a RU  |b 63413507  |c 20150318 
801 2 |a RU  |b 63413507  |c 20210527  |g RCR 
942 |c BK